| 000 | 00787nam a22002297a 4500 | ||
|---|---|---|---|
| 005 | 20240530110506.0 | ||
| 008 | 151011s2012 ua g 000 c ara d | ||
| 017 |
_a2012/3227 _bمصر . دار الكتب المصرية |
||
| 020 | _a9789773144050 | ||
| 040 | _aEG-CaGPL | ||
| 082 | 0 | 4 |
_221 _a818.02\ _bإ ك |
| 100 | 0 | _aايهاب طاهر | |
| 245 | 1 | 0 |
_aكوهين : _bينعى ولده و يصلح ساعات / _cتاليف ايهاب طاهر |
| 250 | _aط1 | ||
| 260 |
_aالقاهرة : _bزهراء الشرق ، _c2012 . |
||
| 300 |
_a320 ص ؛ _c19 سم . |
||
| 650 | 0 | 4 | _aالادب العربى |
| 650 | 0 | 4 | _aالمقالات العربية |
| 650 | 0 | 4 | _aالادب العربى الهزلى |
| 650 | 0 | 4 |
_aالادب العربى الهزلى _zمصر |
| 942 |
_2ddc _cBK |
||
| 999 |
_c61563 _d61563 |
||